000
00261nam a22001097a 4500
082
_a
574.192 ING,B
100
_a
INGRAM, V.M
_9
77134
245
_a
THE BIOSYNTHESIS OF MACRO - MOLECULES
260
_a
NEWYORK
_b
W.A. BENJAMIN
_c
1966
300
_a
223P
942
_c
BK
999
_c
582461
_d
582461